Logic design (Record no. 136515)

000 -LEADER
fixed length control field 00273nam a2200121Ia 4500
008 - FIXED-LENGTH DATA ELEMENTS--GENERAL INFORMATION
fixed length control field 220120s9999||||xx |||||||||||||| ||und||
020 ## - INTERNATIONAL STANDARD BOOK NUMBER
International Standard Book Number 521425050
082 ## - DEWEY DECIMAL CLASSIFICATION NUMBER
Classification number 621.395
100 ## - MAIN ENTRY--PERSONAL NAME
Personal name Godse, A.P
9 (RLIN) 1195
245 #0 - TITLE STATEMENT
Title Logic design
260 ## - PUBLICATION, DISTRIBUTION, ETC.
Name of publisher, distributor, etc. Cambridge
300 ## - PHYSICAL DESCRIPTION
Extent 187p.
Other physical details 0
Holdings
Withdrawn status Lost status Damaged status Not for loan Collection code Home library Current library Date acquired Barcode Date last seen Price effective from Koha item type
        Electronics and Communication Engineering Central Library Central Library 01/20/2022 GF374 01/20/2022 01/20/2022 Gift Books

Powered by Koha